|
|
|
|
| LEADER |
01450cas a2200205 a 4500 |
| 001 |
AALejournalIMF022331 |
| 008 |
230101c9999 xx r poo 0 0eng d |
| 020 |
|
|
|c 5.00 USD
|
| 020 |
|
|
|z 9781513573922
|
| 040 |
|
|
|a BD-DhAAL
|c BD-DhAAL
|
| 110 |
2 |
|
|a International Monetary Fund.
|
| 245 |
1 |
0 |
|a Guidance Note For Developing Government Local Currency Bond Markets.
|
| 264 |
|
1 |
|a Washington, D.C. :
|b International Monetary Fund,
|c 2021.
|
| 300 |
|
|
|a 1 online resource (140 pages)
|
| 500 |
|
|
|a <strong>Off-Campus Access:</strong> No User ID or Password Required
|
| 500 |
|
|
|a <strong>On-Campus Access:</strong> No User ID or Password Required
|
| 506 |
|
|
|a Electronic access restricted to authorized BRAC University faculty, staff and students
|
| 520 |
3 |
|
|a This guidance note was prepared by International Monetary Fund (IMF) and World Bank Group staff under a project undertaken with the support of grants from the Financial Sector Reform and Strengthening Initiative, (FIRST).The aim of the project was to deliver a report that provides emerging market and developing economies with guidance and a roadmap in developing their local currency bond markets (LCBMs). This note will also inform technical assistance missions in advising authorities on the formulation of policies to deepen LCBMs.
|
| 538 |
|
|
|a Mode of access: Internet
|
| 856 |
4 |
0 |
|z Full text available on IMF
|u http://elibrary.imf.org/view/journals/064/2021/001/064.2021.issue-001-en.xml
|z IMF e-Library
|